000
00180 a2200097 4500
020
_a
9781499810462
041
_a
spa
100
_a
Disney Pixar
245
_a
Toy story 4
942
_c
K
999
_c
26706
_d
26706